Canzoni di Ultimo - Statistics

Statistiche generali
  • Questo quiz è stato fatto 51 volte
  • Il punteggio medio è 51 su 93
Statistiche sulle risposte
Album Anno Feat Risposta % Corretto
Pianeti 2017 - Pianeti
98%
Colpa Delle Favole 2019 - Colpa Delle Favole
87%
Alba 2023 - Alba
85%
ALTROVE 2024 - ALTROVE
85%
Solo 2021 - 22 settembre
81%
Peter Pan 2018 - Il ballo delle incertezze
81%
Colpa Delle Favole 2019 - Piccola Stella
81%
Colpa Delle Favole 2019 - Rondini Al Guinzaglio
81%
Solo 2021 - Solo
81%
Pianeti 2017 - Giusy
79%
Colpa Delle Favole 2019 - I Tuoi Particolari
79%
Peter Pan 2018 - Ti dedico il silenzio
77%
Colpa Delle Favole 2019 - Ipocondria
74%
Peter Pan 2018 - La stella più fragile dell'universo
74%
Solo 2021 - Quel filo che ci unisce
74%
Alba 2023 - Vieni nel mio cuore
74%
Colpa Delle Favole 2019 - Amati Sempre
70%
Solo 2021 - Il bambino che contava le stelle
70%
Pianeti 2017 - Sogni appesi
70%
Colpa Delle Favole 2019 - Fateme Cantà
68%
Alba 2023 - Tu
68%
Solo 2021 - Buongiorno vita
66%
Pianeti 2017 - L'unica forza che ho
66%
Pianeti 2017 - Ovunque tu sia
66%
Pianeti 2017 -- Sabbia
66%
Pianeti 2017 - Wendy
66%
- 2025 - BELLA DAVVERO
64%
Peter Pan 2018 - Cascare nei tuoi occhi
64%
Pianeti 2017 - Chiave
62%
Colpa Delle Favole 2019 - Aperitivo Grezzo
60%
Peter Pan 2018 - Dove il mare finisce
60%
Peter Pan 2018 - Farfalla bianca - Piano Live Studio
60%
Pianeti 2017 - Il capolavoro
60%
Pianeti 2017 - L'eleganza delle stelle
60%
Alba 2023 - Nuvole in testa
60%
ALTROVE 2024 - OCCHI LUCIDI
60%
Peter Pan 2018 - Buon viaggio
57%
Colpa Delle Favole 2019 - La Stazione Dei Ricordi
57%
Solo 2021 - Niente
57%
Solo 2021 - Quei ragazzi
57%
Pianeti 2017 - Stasera
57%
Solo 2021 - Tutto questo sei tu
57%
Alba 2023 - Amare
55%
Peter Pan 2018 - Canzone stupida
55%
Alba 2023 - La pioggia di Londra
55%
Colpa Delle Favole 2019 - Quando Fuori Piove
55%
Pianeti 2017 - Racconterò di te
55%
Solo 2021 - Sul finale
55%
Alba 2023 - Ti va di stare bene
55%
Peter Pan 2018 - Le stesse cose che facevo con te
53%
ALTROVE 2024 - LUNEDI
53%
ALTROVE 2024 - NEVE AL SOLE
53%
Peter Pan 2018 - Poesia senza veli
53%
Peter Pan 2018 - Domenica
51%
Peter Pan 2018 - Il vaso
51%
Peter Pan 2018 - La casa di un poeta - Piano Live Studio
51%
Solo 2021 - La finestra di Greta
51%
Pianeti 2017 - Mille universi
51%
ALTROVE 2024 - QUEI DUE INNAMORATI
51%
Solo 2021 - 2:43 am
49%
Solo 2021 - Isolamento
49%
Alba 2023 - Joker
49%
Peter Pan 2018 - Peter Pan - Vuoi volare con me?
49%
Solo 2021 - Spari sul petto
49%
Colpa Delle Favole 2019 - Fermo
47%
Pianeti 2017 - La storia di un uomo
47%
Solo 2021 - Non amo
47%
ALTROVE 2024 - QUANDO SAREMO VECCHI
47%
Alba 2023 - Tornare a te
47%
Peter Pan 2018 - Vorrei soltanto amarti
47%
Alba 2023 - Sono pazzo di te
45%
Solo 2021 - Supereroi
45%
Alba 2023 - Titoli di coda
45%
Alba 2023 - Tutto diventa normale
45%
Solo 2021 - 7+3
43%
Peter Pan 2018 - Forse dormirai
43%
Alba 2023 - Le solite paure
43%
Solo 2021 - Non sapere mai dove si va
43%
Alba 2023 - Vivo per vivere
43%
ALTROVE 2024 - AMORE DI STRADA
40%
ALTROVE 2024 Mezzosangue DILUVIO UNIVERSALE
40%
- 2024 - LA PARTE MIGLIORE DI ME
40%
Colpa Delle Favole 2019 - Il Tuo Nome - Comunque Vada Con Te
32%
Solo - Home piano session 2022 - Equilibrio mentale - Home piano session
26%
- 2019 - Poesia per Roma
23%
Solo - Home piano session 2022 - Solo - Home piano session
23%
- 2017 Comagatte, Il Tre, EDEN, Young Slash, Xfetto, KAYLER, Nese Ikaro, Evrint Bless Osg16
21%
Solo - Home piano session 2022 - Isolamento - Home piano session
17%
Solo - Home piano session 2022 - Quel filo che ci unisce - Home piano session
17%
Solo - Home piano session 2022 - Sul finale - Home piano session
17%
Solo - Home piano session 2022 - Il bambino che contava le stelle - Home piano session
15%
Solo - Home piano session 2022 - Niente - Home piano session
15%
Colpa Delle Favole 2019 - Quelle Casa Che Avevamo In Mente
0%
Nessun quiz corrispondente trovato
Distribuzione punteggi
Percentuale di utenti per punteggio
Percentile per numero di risposta
I tuoi punteggi nel tempo
Non hai fatto questo quiz